Výroba tvárnic a stavba rodinného domku svépomocí

Salvato in:
Dettagli Bibliografici
Autori principali: Koláček, Stanislav (Autore), Kobosil, František (Autore)
Natura: Libro
Lingua:ceco
Pubblicazione: Praha : SNTL, 1973
Edizione:1.vyd.
Tags: Aggiungi Tag
Nessun Tag, puoi essere il primo ad aggiungerne!!

MARC

LEADER 00000nam a22000003a 4500
001 stu271755
005 20150617230232.9
008 130719s--------cs------------------cze-d
040 |a STU  |b slo 
041 0 |a cze 
044 |a cs 
080 |a 666.7 
080 |a 728.6  |7 A000003678 
100 1 |a Koláček, Stanislav  |4 aut 
245 1 |a Výroba tvárnic a stavba rodinného domku svépomocí 
250 |a 1.vyd. 
260 |a Praha :  |b SNTL,  |c 1973 
300 |a 284 s 
700 1 |a Kobosil, František  |4 aut 
996 |b 284V035450  |c V*7902/O-907b  |l VVS  |s A  |a 24  |w stu271755_0001 
996 |b 284V035454  |c V*7901/O-907a  |l VVS  |s A  |a 24  |w stu271755_0002